| 000 | 00759nam a2200229Ia 4500 | ||
|---|---|---|---|
| 001 | 927 | ||
| 003 | GE_BSU | ||
| 008 | 181216s||||||||xx |||||||||||||| ||und|| | ||
| 020 | _a5769506725 | ||
| 040 | _cGE_BSU | ||
| 080 | _a811.161.1(072) | ||
| 100 | _aКолкер,Я.М.;Устинова,Е.С.;Еналиева,Т.М. | ||
| 245 | _aПрактическая методика обучения иностранному языку | ||
| 245 | _bДля студ. филол.спец.высш.уч.завед. | ||
| 260 | _aМосква | ||
| 260 | _bАкадемия | ||
| 260 | _c2000 | ||
| 300 | _a262стр. | ||
| 541 | _h8л. | ||
| 653 | _aПрактическая методика обучения иностранному языку | ||
| 942 | _cBK | ||
| 999 |
_c35086 _d35086 |
||